LEADER 01149nam a2200265 u 4500 001 000000039238 003 CaOOAMICUS 005 20070226113951.0 008 980506s1986 it u000 u ita u 035 $a10793846 040 $aPUL(R)$bita 100 1 $aPatti, Salvatore.$0(OLS)http://pul/name/26751 245 10$aMutamento di sesso e tutela della persona :$bsaggio di diritto civile e comparato /$cSalvatore Patti - Michael R. Will. 260 $aPadova :$bCEDAM,$c1986. 300 $a145 p. ;$c25 cm 504 $aBibliografia in nota. 650 4$aPersona (diritto).$0(OLS)http://pul/subject/3046 650 4$aSesso$xAspetti giuridici.$0(OLS)http://pul/subject/18080 700 1 $aWill, Michael R.$0(OLS)http://pul/name/29212 850 $aPUL 852 $aPUL$W1$xSL Diritto e Scienze Sociali 1$y4$m172 D 105$j53372$nBK-PRI$b $qStampati$B53372$CPULBib$Z2$F53372 $H $81 941 1 $a8 961 $aINV: 58798 996 $6245$aMutamento di sesso e tutela della persona :$bsaggio di diritto civile e comparato$9(OLS)http://pul/title/53128 996 $6260$aPadova :$bCEDAM$9(OLS)http://pul/publisher/48126 LEADER 01534nam a2200373 a 4500 001 000000147370 003 CaOOAMICUS 005 20240930134149.0 008 151113s2015 it u000 u ita r 020 $a978-88-16-30542-7 032 $aLibriCat 040 $aPUL$bita 041 1 $aita$hspa 082 04$a261.8 100 0 $aFranciscus PP.,$d1936-2025.$0(OLS)http://pul/name/86295 245 10$aPastorale sociale / $cpapa Francesco Jorge Mario Bergoglio ; a cura di Marco Gallo. 260 $aMilano :$bJaca Book,$c©2015. 300 $a398 p. ;$c23 cm. 500 $aSul front. e sulla cop.: Comunitą di Sant'Egidio. 600 04$aFranciscus PP.,$d1936-2025$xOmelie.$0(OLS)http://pul/subject/42646 650 4$aChiesa e societą$ySec. XXI.$0(OLS)http://pul/subject/42644 700 1 $aGallo, Marco,$b1977-$0(OLS)http://pul/name/105095 850 $aPUL 852 $aPUL$W1$xSL Religione 3$y85$m261. 8 FRANC 4$j170325$qDDC 21$B171104$CPULBib$Z2$F171104 $H126414 $81 900 $aBergoglio, Jorge Mario$986295 900 $aFrancesco, papa,$d1936-$986295 910 $aPapi (2013-2025 : Franciscus)$986295 910 $aPapi (2013-2025 : Franciscus)$986295 941 1 $a9 996 $6020$a978-88-16-30542-7$9(OLS)http://pul/number/158944 996 $6082$a261.8$9(OLS)http://pul/classification/367 996 $6245$aPastorale sociale / $9(OLS)http://pul/title/186023 996 $6260$aMilano :$bJaca Book$9(OLS)http://pul/publisher/47900